| 000 | 00717nam a2200205 4500 | ||
|---|---|---|---|
| 001 | 114694 | ||
| 003 | ES-MaACL | ||
| 007 | t| | ||
| 008 | 000000s1985 sp ||||0| spa d | ||
| 016 | 7 |
_zIBH8505923842 _zIBH8605102399 |
|
| 020 | _a84-505-1256-5 | ||
| 040 |
_aM-BN-DP _bspa _cM-BN-DP |
||
| 080 | _a711:352(464.1M.).077.6 | ||
| 110 | 2 |
_aMadrid. _bOficina Municipal del Plan de Ordenación Urbana. _95628 |
|
| 245 | 1 | 0 |
_aPlan general de ordenación urbana de Madrid, 1985 _b: normas urbanísticas. 1. |
| 260 |
_aMadrid : _bAyuntamiento de Madrid, Oficina Municipal del Plan, _c1985. |
||
| 300 |
_a323 p. ; _c30 cm. |
||
| 650 | 1 | 4 |
_aPlanes urbanísticos- _zMadrid. _916106 |
| 852 |
_aES-MaACL _jL-8086 _bR.108720 |
||
| 999 |
_c114694 _d114694 |
||